Harry Potter- L'incantation de résurrection de Voldemort - Statistiques

Statistiques générales
  • Ce quiz a été pris 30 fois
  • Le résultat moyen est 20 sur 38
Statistiques - réponses
Incantation prononcée lors de la résurrection de Voldemort % Correct
de
93%
le
93%
le
93%
du
90%
du
90%
sang
90%
la
86%
la
86%
père,
76%
en
72%
l'ennemi
72%
les
72%
par
72%
serviteur
72%
chair
69%
force
69%
pris
62%
donnée
55%
toute
45%
ignorance,
41%
ossements
41%
son
41%
son
41%
maître.
38%
volontairement
38%
Que
34%
Que
34%
Que
34%
renaître
31%
donnés
28%
fasse
24%
fassent
24%
qui
24%
fils!
21%
revivre
21%
celui
17%
combat.
17%
ressuscite
10%
Aucun quiz correspondant
Distribution des résultats
% des personnes avec chaque résultat
Percentile par nombre de réponses
Votre historique - résultats
Vous n’avez pas pris ce quiz